Normal view
MARC view
- Respect
Entry Topical Term
001 - CONTROL NUMBER
- control field: 87119
003 - CONTROL NUMBER IDENTIFIER
- control field: OSt
005 - DATE AND TIME OF LATEST TRANSACTION
- control field: 20260116134613.0
008 - FIXED-LENGTH DATA ELEMENTS
- fixed length control field: 260116|| aca||aabn | a|a d
040 ## - CATALOGING SOURCE
- Original cataloging agency: OSt
- Transcribing agency: OSt
150 ## - HEADING--TOPICAL TERM
- Topical term or geographic name as entry element: Respect
- General subdivision: Religious aspects
- General subdivision: Christianity
670 ## - SOURCE DATA FOUND
- Source citation: Work cat.: (OSt)50099: Eggerichs, Emerson, author. 87118, Love & respect :, c2004.